[Event "SEMI A049 email"]
[Site "SEMI email"]
[Date "2004.07.15"]
[Round "?"]
[White "Fuertes, Cesar Edgardo"]
[Black "Kasker, Christ"]
[Result "0-1"]
[WhiteElo "1994"]
[BlackElo "1800"]
[PlyCount "22"]
[EventDate "2004.07.15"]
[EventType "tourn (corr)"]
[EventRounds "6"]
[EventCountry "ITA"]
[SourceTitle "Corr 2008"]
[Source "ChessBase"]
[SourceDate "2008.06.24"]
[SourceVersion "1"]
[SourceVersionDate "2008.06.24"]
[SourceQuality "1"]

1. d4 e6 2. c4 Nf6 3. Nc3 d5 4. Nf3 Be7 5. e3 0-0 6. Bd3 dxc4 7. Bxc4 c5 8. 0-0 a6 9. a4 Qc7 10. dxc5 Bxc5 11. Qe2 Bd7 0-1

[Event "SEMI A049 email"]
[Site "SEMI email"]
[Date "2004.07.15"]
[Round "?"]
[White "Kasker, Christ"]
[Black "Tescaro, Stefano"]
[Result "1-0"]
[WhiteElo "1800"]
[BlackElo "1800"]
[PlyCount "71"]
[EventDate "2004.07.15"]
[EventType "tourn (corr)"]
[EventRounds "6"]
[EventCountry "ITA"]
[SourceTitle "Corr 2008"]
[Source "ChessBase"]
[SourceDate "2008.06.24"]
[SourceVersion "1"]
[SourceVersionDate "2008.06.24"]
[SourceQuality "1"]

1. e4 d6 2. d4 Nf6 3. Nc3 g6 4. Nf3 Bg7 5. Be2 0-0 6. 0-0 c6 7. a4 Nbd7 8. e5 Ne8 9. exd6 Nxd6 10. Bf4 Nf6 11. Qd2 Nde4 12. Nxe4 Nxe4 13. Qe3 Nd6 14. Rfd1 Be6 15. a5 Nc4 16. Bxc4 Bxc4 17. b3 Be6 18. Be5 Bg4 19. Bxg7 Kxg7 20. c4 Bxf3 21. Qxf3 e6 22. a6 Qc7 23. axb7 Qxb7 24. Ra5 Rfd8 25. Rb5 Qc7 26. Rc5 Rac8 27. Qe3 Qb6 28. Rd3 Kg8 29. h4 Qa6 30. Kh2 Qb7 31. Qg5 Qb8+ 32. Kg1 Qb4 33. Qe5 Qa3 34. Kh2 Qc1 35. Qf6 Rd6 36. Re3 1-0

[Event "SEMI A049 email"]
[Site "SEMI email"]
[Date "2004.07.15"]
[Round "?"]
[White "Volpi, Davide"]
[Black "Kasker, Christ"]
[Result "1-0"]
[WhiteElo "2069"]
[BlackElo "1800"]
[PlyCount "127"]
[EventDate "2004.07.15"]
[EventType "tourn (corr)"]
[EventRounds "6"]
[EventCountry "ITA"]
[SourceTitle "Corr 2008"]
[Source "ChessBase"]
[SourceDate "2008.06.24"]
[SourceVersion "1"]
[SourceVersionDate "2008.06.24"]
[SourceQuality "1"]

1. e4 e6 2. d4 d5 3. Nc3 Nf6 4. Bg5 Be7 5. e5 Nfd7 6. Bxe7 Qxe7 7. f4 0-0 8. Nf3 c5 9. Qd2 Nc6 10. dxc5 Nxc5 11. 0-0-0 Bd7 12. Kb1 a6 13. Qe3 b5 14. Bd3 Rfc8 15. Bxh7+ Kxh7 16. Ng5+ Kg8 17. Qh3 Qe8 18. Qh7+ Kf8 19. Rxd5 b4 20. Rxc5 bxc3 21. Qh8+ Ke7 22. Qxg7 Qg8 23. Qf6+ Ke8 24. Ne4 cxb2 25. Nd6+ Kf8 26. Nxc8 Rxc8 27. Rd1 Ke8 28. Qg5 Qxg5 29. fxg5 Ke7 30. Rd6 Nxe5 31. Rxd7+ Kxd7 32. Rxe5 Rh8 33. h3 Kd6 34. Ra5 Rb8 35. Rxa6+ Ke5 36. Ra3 Kf5 37. h4 e5 38. Rb3 Re8 39. Kxb2 e4 40. Re3 Kf4 41. Re2 Kg4 42. Kc3 Kxh4 43. Kd4 Kxg5 44. Rxe4 Ra8 45. c4 Rxa2 46. g4 f5 47. gxf5 Kxf5 48. Re1 Rd2+ 49. Kc5 Rh2 50. Kd5 Rd2+ 51. Kc6 Rc2 52. c5 Kf6 53. Kd6 Rd2+ 54. Kc7 Rc2 55. c6 Rc3 56. Kd7 Rd3+ 57. Kc8 Rc3 58. c7 Rb3 59. Re4 Rb2 60. Kd7 Rd2+ 61. Kc6 Rc2+ 62. Kd6 Rd2+ 63. Kc5 Rc2+ 64. Rc4 1-0

[Event "SEMI A048 email"]
[Site "SEMI email"]
[Date "2004.05.28"]
[Round "?"]
[White "Volpi, Davide"]
[Black "Kasker, Christ"]
[Result "0-1"]
[WhiteElo "2069"]
[BlackElo "1800"]
[PlyCount "76"]
[EventDate "2004.05.28"]
[EventType "tourn (corr)"]
[EventRounds "6"]
[EventCountry "ITA"]
[SourceTitle "Corr 2008"]
[Source "ChessBase"]
[SourceDate "2008.06.24"]
[SourceVersion "1"]
[SourceVersionDate "2008.06.24"]
[SourceQuality "1"]

1. e4 c5 2. Nf3 a6 3. c4 e6 4. Nc3 Nc6 5. Be2 Nf6 6. 0-0 Qc7 7. d4 cxd4 8. Nxd4 Bd6 9. g3 Nxd4 10. Qxd4 0-0 11. Be3 Be5 12. Qd3 b6 13. Bd4 Bb7 14. f4 Bxd4+ 15. Qxd4 d6 16. Rfd1 Rfd8 17. Rac1 Rac8 18. Bf3 b5 19. cxb5 axb5 20. Nxb5 Qxc1 21. Rxc1 Rxc1+ 22. Kf2 d5 23. e5 Nd7 24. Qb4 Nc5 25. Qd2 Ba6 26. Nd6 Nd3+ 27. Ke3 Rb8 28. a3 Rf1 29. Qa5 Nc5 30. f5 h6 31. b4 d4+ 32. Kf4 Be2 33. Qxc5 Rxf3+ 34. Ke4 Rxa3 35. b5 Rba8 36. fxe6 fxe6 37. b6 Re3+ 38. Kxd4 Rd3+ 0-1

[Event "SEMI B037 email"]
[Site "SEMI email"]
[Date "2003.09.01"]
[Round "?"]
[White "Murazzi, Michele"]
[Black "Kasker, Christ"]
[Result "0-1"]
[WhiteElo "1300"]
[BlackElo "1200"]
[PlyCount "52"]
[EventDate "2003.09.01"]
[EventType "tourn (corr)"]
[EventRounds "6"]
[EventCountry "ITA"]
[SourceTitle "Corr 2008"]
[Source "ChessBase"]
[SourceDate "2008.06.24"]
[SourceVersion "1"]
[SourceVersionDate "2008.06.24"]
[SourceQuality "1"]

1. Nf3 c5 2. Nc3 d5 3. e3 Nf6 4. Ne5 d4 5. Bb5+ Bd7 6. Bc4 e6 7. exd4 cxd4 8. Ne2 Nc6 9. Nxd7 Qxd7 10. c3 d3 11. Nf4 Ne5 12. Qb3 a6 13. Nxd3 Nxd3+ 14. Bxd3 Qxd3 15. Qxb7 Rd8 16. Qc6+ Nd7 17. c4 Bc5 18. Qxa6 Qe4+ 19. Kf1 Qd4 20. Ke1 Qxf2+ 21. Kd1 Qxg2 22. Re1 Bf2 23. Qd6 Bxe1 24. b3 Ne5 25. Ba3 Rxd6 26. Kc1 Rxd2 0-1